Markets (Record no. 82090)

MARC details
000 -LEADER
fixed length control field 01138cam a22002295a 4500
001 - CONTROL NUMBER
control field L149244
008 - FIXED-LENGTH DATA ELEMENTS--GENERAL INFORMATION
fixed length control field 100209e20100115xxk 000 0 eng d
035 ## - SYSTEM CONTROL NUMBER
System control number (Sirsi) u149244
041 0# - LANGUAGE CODE
Language code of text/sound track or separate title eng
100 1# - MAIN ENTRY--PERSONAL NAME
Personal name Hatcher, David
245 00 - TITLE STATEMENT
Title Markets
Remainder of title Somerset, Devon and Cornwall
260 ## - PUBLICATION, DISTRIBUTION, ETC.
Date of publication, distribution, etc. 2010
490 #0 - SERIES STATEMENT
Series statement Property Week
Volume/sequential designation 76(2) 15 January 2010, 43-49(4)
520 ## - SUMMARY, ETC.
Summary, etc. Retail activity in the region includes the Crown Estate's purchase of a 50% share in Land Securities' Princesshay shopping centre in Exeter and more occupiers at St Austell's White River Place retail scheme. Exeter business occupiers are spoilt for choice at out-of-town business and science park developments and Valad's city centre Senate building is slowly beginning to fill. But commercial developments in Plymouth are struggling to find sufficient occupier demand. Kilbride is seeking to reinstatement the Bere Alston to Tavistock passenger railway line.
590 ## - LOCAL NOTE (RLIN)
Local note KA
651 #4 - SUBJECT ADDED ENTRY--GEOGRAPHIC NAME
Geographic name Somerset
651 #4 - SUBJECT ADDED ENTRY--GEOGRAPHIC NAME
Geographic name Devon
651 4# - SUBJECT ADDED ENTRY--GEOGRAPHIC NAME
Geographic name Cornwall
690 ## - LOCAL SUBJECT ADDED ENTRY--TOPICAL TERM (OCLC, RLIN)
Topical term or geographic name as entry element PROPERTY-COMMERCIAL PROPERTY-COMMERCIAL PROPERTY MARKET
700 1# - ADDED ENTRY--PERSONAL NAME
Personal name Franklin, Ian
942 ## - ADDED ENTRY ELEMENTS (KOHA)
Suppress in OPAC 0
Holdings
Withdrawn status Lost status Source of classification or shelving scheme Damaged status Not for loan Home library Current library Shelving location Date acquired Total Checkouts Full call number Barcode Date last seen Copy number Price effective from Koha item type
    Dewey Decimal Classification     London London Journal article 10/02/2010   L149244 149244-1001 06/08/2019 1 06/08/2019 Journal article